| 000 | 00520nam a22001937a 4500 | ||
|---|---|---|---|
| 003 | SISC | ||
| 005 | 20160308135127.0 | ||
| 008 | 130828t xxu||||| |||| 00| 0 eng d | ||
| 020 | _a97815917742890 | ||
| 050 |
_aPN 6231 _b.Im33 2004 |
||
| 082 |
_aHS 818.5402 _bIm6 2004 |
||
| 245 | _aImmature pranks / | ||
| 260 |
_aChina : _bKlutz, _c2004. |
||
| 300 |
_a 38 p. ; _c22 cm. |
||
| 650 |
_aPractical jokes _xJuvenile literature _914793 |
||
| 650 |
_aTricks _xJuvenile literature _914794 |
||
| 942 |
_2lcc _cBK |
||
| 999 |
_c9718 _d9718 |
||